Top 10 am meisten bewaldete Länder Asiens - Statistiken

Allgemein
  • Dieses Quiz wurde 774 mal gespielt
  • Das Durchschnittsergebnis liegt bei 6 aus 10
Antwortstatistiken
% Land % Korrekt
61.7 Indonesien
89%
66.4 Japan
72%
66.5 Malaysia
70%
48.7 Nepal
55%
48.9 Südkorea
54%
76.8 Bhutan
52%
86.0 Brunei
49%
62.2 Nordkorea
48%
61.5 Taiwan
44%
48.7 Georgien
23%
Keine übereinstimmenden Quizze gefunden
Verteilung der Resultate
Anzahl Personen mit jedem Resultat
Perzentil nach korrekt beantworteten Fragen
Ihre Resultats-Entwicklung
Sie haben dieses Quiz noch nicht gespielt